| 000 | 00385nam a22001457a 4500 | ||
|---|---|---|---|
| 020 | _qHB. | ||
| 040 | _cFIZZA ISHAQ | ||
| 082 |
_a690.068 _bSEA |
||
| 100 |
_aSears , S. keoki. _913145 |
||
| 245 |
_aConstruction Project Management / _c S. Keoki Sears. |
||
| 250 | _a6TH ED. | ||
| 260 |
_aNew York. _bWiley, _c2015. |
||
| 300 |
_a341 P. ; _c 7.6 x 1 x 9.5 inches |
||
| 942 |
_2ddc _cBK |
||
| 999 |
_c616570 _d616570 |
||